|
|
|
|
| LEADER |
00000nbm0a2200000 4500 |
| 001 |
177886 |
| 005 |
20231031165736.0 |
| 029 |
0 |
0 |
|a SU
|b 71011533
|f ТПУ
|
| 035 |
|
|
|a (RuTPU)RU\TPU\book\192863
|
| 090 |
|
|
|a 177886
|
| 100 |
|
|
|a 20100329d1970 k y0rusy50 ca
|
| 101 |
0 |
|
|a rus
|
| 102 |
|
|
|a RU
|
| 105 |
|
|
|a a p 001zy
|
| 200 |
1 |
|
|a Повышение надежности и долговечности перфораторов
|e Отчет о НИР
|e Тема: х/д № 101/70
|f Томский политехнический институт (ТПИ) ; руководитель В. Ф. Горбунов ; В. И. Багуров
|
| 210 |
|
|
|a Томск
|d 1970
|
| 215 |
|
|
|a 45 л.
|
| 320 |
|
|
|a Библиогр.: с. 34-36.
|
| 610 |
1 |
|
|a отчеты о НИР
|
| 610 |
1 |
|
|a труды учёных ТПУ
|
| 610 |
1 |
|
|a рукописные работы
|
| 610 |
1 |
|
|a перфораторы
|
| 610 |
1 |
|
|a повышение
|
| 610 |
1 |
|
|a надежность
|
| 610 |
1 |
|
|a долговечность
|
| 675 |
|
|
|a 622.243.2(04)
|v 3
|
| 702 |
|
1 |
|a Горбунов
|b В. Ф.
|4 673
|
| 702 |
|
1 |
|a Бабуров
|b В. И.
|4 677
|
| 702 |
|
1 |
|a Фукс
|b Л. А.
|4 677
|
| 702 |
|
1 |
|a Глазов
|b А. Н.
|c специалист в области машиностроения
|c доцент Томского политехнического университета, кандидат технических наук
|f 1941-
|g Алкон Наумович
|2 stltpush
|3 (RuTPU)RU\TPU\pers\25459
|4 677
|
| 712 |
0 |
2 |
|a Томский политехнический институт (ТПИ)
|c (1944-1991)
|2 stltpush
|3 (RuTPU)RU\TPU\col\1123
|4 595
|
| 801 |
|
1 |
|a RU
|b 63413507
|c 20100329
|
| 801 |
|
2 |
|a RU
|b 63413507
|c 20150406
|g RCR
|
| 942 |
|
|
|c BK
|